000 01217nam a2200241Ii 4500
003 JO-AjNU
005 20240625100843.0
008 230605s9999||||xx |||||||||||||| ||und||
040 _aJO-AjNU
_bara
_erda
_cJO-AjNU
041 _aara
050 1 4 _aHD45.2020
100 1 _aالقضاة، دعاء فهيم علي
_eمعد
_965589
245 0 0 _aاثر الانماط القيادية على تحفيز الابداع الاداري في الجامعات الرسمية في الاردن = The impact of leadership styles on stimulating administrative creativity in jordanian public universities /
_cاعداد دعاء فهيم علي القضاة؛ اشراف ياسر عيسى المومني
264 3 1 _a 2020
300 _a113 ورقة
336 _atext
_btxt
_2rdacontent
337 _aunmediated
_bn
_2rdamedia
338 _avolume
_bnc
_2rdacarrier
500 _aرسالة جامعية( رسالة ماجستير في ادارة الاعمال)،كلية ادارة الاعمال،(عجلون، الاردن)، 2020
650 4 _aالابداع الاداري -الجامعات الاردنية - الاردن
_959800
700 1 _aالمومني، ياسر عيسى
_eمشرف
_965196
942 _2lcc
_cTHS
999 _c30496
_d30496